[Event "Barcelona Sants Open"]
[Site "Barcelona"]
[Date "2017.08.24"]
[Round "8"]
[White "Kleinman, Michael"]
[Black "Brunner, Nicolas"]
[Result "1-0"]
[WhiteElo "2340"]
[BlackElo "2472"]
[Annotator "Michael Kleinman"]
[PlyCount "77"]
[EventDate "2017.08.18"]
[EventType "swiss"]
[EventRounds "9"]
[EventCountry "ESP"]
[SourceTitle "ChessCanada"]
[Source "CFC"]
[SourceDate "2020.02.14"]
[SourceVersion "1"]
[SourceVersionDate "2020.02.14"]
[SourceQuality "1"]

{[%mdl 32768]} {This game was played in round 8, and I was in the fortunate
position that a win would secure me the IM norm and would push my live rating
above 2400, whereas a draw would have likely been enough to secure the IM norm,
but would have left me a few points below 2400.} 1. e4 c5 2. Nf3 d6 3. Bb5+ ({
In the past, I have almost exclusively opted for the sideline of 4. Qxd4
against 2... d6,} 3. d4 cxd4 4. Qxd4 {but, while the positions are comfortable
for White, it is nowadays very difficult to fight for an opening advantage
there against a well-prepared Black player.}) 3... Nd7 4. O-O a6 5. Bd3 {
[#] Carlsen played this against Svidler in 2013, and this position has become
the tabiya of 3. Bb5+ Nd7. White's idea is to develop a strong center after
c3-Bc2-d4.} Ngf6 6. Re1 e6 (6... b5 7. c4 g5 $5 {is another interesting
variation.}) 7. c4 {This was played by Shanglei Lu against Wei Yi a few weeks
before my game, and I wanted to try it out. The point is to aim for a hedgehog
after Nc3, Bf1, and d4.} (7. c3 {is by far the main move, but Black has been
doing well after} b5 8. Bc2 c4 $1 {hindering the d4 advance.}) 7... Ne5 8. Bf1
Be7 9. Nc3 O-O 10. d4 $5 (10. d3 {seemed a bit slow to me.} Rb8 11. Bf4 (11. h3
b5) 11... Ng6 12. Bg3 e5 {and the bishop would be misplaced on g3.}) 10...
Nxf3+ 11. gxf3 cxd4 12. Qxd4 {[#] This is quite a unique hedgehog with double
f-pawns, but it is difficult for Black to take advantage of them. Ideally,
Black would want to take advantage of the weakened king by placing the knight
on an active square such as f4, or on g4 if White is to advance the pawn from
f3. In contrast to a typical hedgehog, White has the advantage of having a
pawn along the g1-a7 diagonal which makes the king quite a bit safer, and
potentially mobile f and e pawns, as well as options to activate the light
square bishop via g2, which usually stays on f1 in a normal hedgehog.} Qa5 (
12... e5 13. Qd3 Be6 14. f4 {and we can see the advantage of having double
f-pawns.}) 13. Bg2 Bd7 (13... b5 14. cxb5 axb5 15. b4 $14) ({Rerouting the
queen to h5 is very dangerous for Black as the queen has very few squares, as
can be seen from the following lines.} 13... Qh5 14. e5 dxe5 15. Rxe5 Qg6 16.
Rg5 Qh6 17. Rg3 ({White has the option of repeating} 17. Re5 Qg6 18. Rg5) 17...
Qh5 18. Ne4 (18. Bg5 $1 {is the computer's suggestion, and also a very natural
move}) 18... Kh8 (18... Rd8 19. Qxf6 $18) 19. Rg5 Qh4 {[%mdl 64] [#]Critical
Position Analysis Diagram} 20. Rxg7 $3 {editor - this is the computer's
preposterously complicated top line:} Rd8 $1 (20... Kxg7 21. Bg5 Qh5 22. Bxf6+
Bxf6 23. Qxf6+ (23. Nxf6 $4 Qg5 $13) 23... Kg8 24. Qc3 $1 $18 {clearing f6 for
the N.}) (20... Nxe4 21. Rxf7+ Bf6 22. Rxf8+ Kg7 23. Rxf6 $1 $18 {the Ne4 is
pinned to the Q, so White ends up a piece ahead.}) 21. Nxf6 $8 Bxf6 (21... Rxd4
$4 22. Rg8#) (21... Qxf6 22. Qxf6 Bxf6 23. Rxf7 $8 $18) 22. Qxh4 Rd1+ $1 23.
Bf1 Bxh4 24. Rxf7 {(making the R safe and threatening Rf8+ then Bh6+)} Bd7 $1
25. Kg2 (25. Rxd7 $4 Rg8+ {mates.}) (25. Bf4 $6 Rxa1 26. Be5+ Kg8 27. Rg7+ Kf8
$44 {and takes on d7 or h7.}) 25... Rg8+ 26. Kh3 Bxf2 27. Bf4 $1 {unpinning
the Bc1 by threatening mate} e5+ $8 {preventing mate via discovered check} 28.
Rxd7 Rxd7 $8 29. Bxe5+ Rgg7 $16 {White emerges with two extra pawns in an
opposite B ending.}) 14. Bd2 Qc5 (14... Qh5 15. e5 {is similar to 13... Qh5}) (
14... Qc7 {might be the best square for the queen, but it is difficult to play
such a move after already playing ...Qa5.}) (14... e5 15. Qd3 ({The immediate} 
15. Nd5 {does not quite work.} Nxd5 (15... Qxd5 16. exd5 exd4 17. Rxe7 $11) 16.
Bxa5 exd4 $11) 15... Nh5 16. Nd5 Qd8 17. Ba5 Qxa5 18. Nxe7+ Kh8 19. Qxd6 Be6
20. Nd5 $14) 15. Qxc5 dxc5 {[#]} 16. Bg5 {Objectively, this move is inaccurate,
but I wanted to exchance off my dark square bishop before advancing my pawns
to e5 and f4.} ({The logical} 16. e5 Ne8 (16... Nh5 17. f4 Rab8 18. Bf3 $14)
17. f4 Rb8 {led to a position that I had mis-evaluated during the game. I
thought Black would continue with ...g6, and ...Ng7, thereby solving all of
his problems, but Black does not have time for this as the Bishop on d7 does
not have many squares.} 18. Rad1 g6 19. Be3 $16 Bc8 (19... Bc6 {leads to a
horrible structure} 20. Bxc6 bxc6 21. b3 $18) 20. Na4 b6 21. b4 {and White is
crashing through on queenside, while Black is underdeveloped.}) 16... h6 17.
Bxf6 Bxf6 (17... gxf6 $5 {is also possible.}) 18. e5 Be7 19. Rad1 ({The
immediate} 19. f4 {would give Black the extra option of} Rfb8 20. Rad1 Be8)
19... Rfd8 20. f4 Rab8 21. Re2 b5 ({The slow} 21... b6 {is met by} 22. Red2 Be8
23. Rxd8 Bxd8 24. Bb7 a5 {and Black's queenside is weakened.}) 22. Red2 Be8 23.
Rxd8 Bxd8 {[#]} 24. Ne4 (24. Bb7 {was my original idea, but Black is probably
better after the precise} bxc4 (24... Rxb7 $2 25. Rxd8 Kf8 26. Ne4 Re7 (26...
Ke7 27. Rxe8+ $18) 27. Nd6 {and Black is in zugzwang.}) 25. Bxa6 Ba5 $1) 24...
Be7 (24... bxc4 $1 {was necessary} 25. Nxc5 (25. Nd6 $2 Ba4 $1 26. Rd2 Ba5 27.
Re2 Bd1 $18) 25... Be7 26. Nb7 $13) 25. Nd6 Bxd6 $2 {editor - White's 27th
shows why this is probably the losing move.} (25... Rd8 26. b4 $1 cxb4 27. c5
$16) (25... Kf8 26. b4 $5 $13) (25... bxc4 {is probably still necessary.} 26.
Nxc4 Bb5 27. Nd6) 26. exd6 Bd7 {[%mdl 64] [#] Critical Position} 27. b4 $1 {
editor - without the previous capture on d6 this would support the N, but not
create a deadly pair of passed pawns.} Rc8 (27... cxb4 28. c5 Rc8 29. c6 Bxc6
30. Bxc6 Rxc6 31. d7 $18) (27... bxc4 28. bxc5 c3 29. Rc1 (29. c6 $4 c2 30. Rc1
Rb1 31. cxd7 Rxc1+ 32. Bf1 Rxf1+ 33. Kxf1 c1=Q+ $19 {and Black can stop the
pawns.}) 29... c2 30. Be4 $1 $18) 28. Bb7 Rb8 29. Bg2 {Repeating to get closer
to time control.} Rc8 30. Bb7 Rb8 31. Bxa6 bxc4 (31... cxb4 32. c5 {followed
by Rd4-xb4 should win.} (32. Bxb5 $2 Bxb5 33. cxb5 Kf8 {might be OK for Black.}
)) 32. bxc5 c3 33. Rc1 Bc6 {[#]} 34. Bd3 (34. Rxc3 Rb1+ 35. Bf1 Bb5 {is
Black's point. Even here, White actually still wins wins with 36. Rb3, but
there is really no point to allow this.}) 34... Ra8 35. f3 $1 {This move
dislodges the Bishop from its ideal square on c6 by preparing Be4, and also
makes space for the king.} Bxf3 (35... Kf8 36. Be4 Bxe4 37. fxe4 $18) (35... f5
36. Bc4 $18) 36. Bb5 Rxa2 37. d7 Rd2 38. Rxc3 Be4 39. Bd3 1-0

[Event "2017 CCCSA GM/IM Norm Invitational"]
[Site "Charlottesville"]
[Date "2017.03.30"]
[Round "2"]
[White "Kleinman, Michael"]
[Black "Vigorito, David"]
[Result "1-0"]
[WhiteElo "2289"]
[BlackElo "2370"]
[Annotator "John Upper"]
[PlyCount "61"]
[EventDate "2017.??.??"]
[EventType "tourn"]
[EventCountry "USA"]
[SourceTitle "ChessCanada"]
[Source "CFC"]
[SourceDate "2020.02.14"]
[SourceVersion "1"]
[SourceVersionDate "2020.02.14"]
[SourceQuality "1"]

{[%mdl 32768]} 1. e4 {A Caro-Kann Panov-Botvinnik attack turns into a standard
IQP position where White gets a very strong, and very thematic, sacrificial
attack on the light squares.} c6 2. d4 d5 3. exd5 cxd5 4. c4 Nf6 5. Nc3 Nc6 {
[#]} 6. Bg5 {White's most combative move.} (6. Nf3 Bg4 7. cxd5 Nxd5 8. Qb3 {
is the start of the well-worn "Endgame Variaiton", which continues} Bxf3 9.
gxf3 e6 10. Qxb7 Nxd4 11. Bb5+ Nxb5 12. Qc6+ Ke7 {[#] analysis diagram; Where
Black is reckoned to be OK.} {... though here's a crazy recent result to
remind White players to stay alert:} 13. Qc5+ Ke8 14. Qxb5+ Qd7 15. Nxd5 exd5
16. Qb3 Bd6 17. O-O Rb8 18. Qe3+ Kf8 19. Rd1 $4 Qh3 {White resigned, since f4
is the only move to prevent mate, but loses the R to ...Qg4+; 0-1 Riazantsev,A
(2671)-Jakovenko,D (2709) Sharjah, 2017.}) 6... dxc4 7. Bxc4 (7. d5 Ne5 8. Qd4
h6 $1 $13) 7... h6 $1 ({It's risky to take the d-pawn} 7... Qxd4 8. Qxd4 Nxd4
9. O-O-O e5 10. f4 Bg4 11. Nf3 Bxf3 12. gxf3 $13 {When White has a significant
lead in development; e.g. Mamedyarov,S (2736)-Sethuraman,S (2640) Baku, 2015 
(1-0, 41).}) 8. Bh4 (8. Be3 {is a much less dynamic way of using the IQP,} e6
9. Nf3 Bd6 10. O-O O-O 11. Qd2 Ne7 $1 12. Rad1 a6 13. Bd3 Nf5 14. Bf4 $11 {
(½-½, 30) Kamsky,G (2740)-Eljanov,P (2678) Moscow, 2013.}) 8... e6 {Safer
than ...Qxd4, as at move 7.} 9. Nf3 Be7 10. O-O O-O {[#]} 11. a3 $1 (11. Rc1 b6
12. Bd3 Bb7 13. Bb1 Rc8 14. Re1 Re8 15. a3 Nh5 16. Qc2 Bxh4 17. Qh7+ $2 (17. d5
$142 $1) 17... Kf8 18. d5 Bg5 $4 (18... Nd4 $1 19. Nxd4 Bxf2+ 20. Kxf2 Qh4+ $19
) 19. Rcd1 Qf6 20. d6 g6 21. Nxg5 Rcd8 (21... hxg5 22. Ne4 $18) 22. Nxe6+ $1
$18 {1-0 Naiditsch,A (2674)-Eljanov,P (2761) Sibenik, 2010.}) 11... b6 12. Qd3
Bb7 13. Rfe1 {[#] A nearly standard IQP position, which can also arise out of
an e3-Nimzo. ...h6 (rather than ...g6 to defend a battery along the b1-h7
diagonal) weakens Black's kingside light squares, which White exploits nicely.}
Rc8 (13... Nh5 14. Bg3 Nxg3 15. hxg3 Bf6 16. d5 exd5 17. Nxd5 Bxb2 $6 (17...
Kh8 {1-0 (82) Kobalia,M (2666)-Riazantsev,A (2689) Moscow, 2011.}) 18. Rad1 Na5
$2 19. Ne7+ $1 Kh8 20. Qf5 $8 $18 Qxd1 (20... Qc7 21. Ng5 $1 $18) 21. Rxd1 Bxf3
22. Bd3 {1-0 Gulko,B (2533)-Krush,I (2489) Rockville, 2013.}) 14. Bb3 Nh5 $1
15. Bg3 (15. Bxe7 Nxe7 16. g3 (16. Rad1 $2 Nf4 17. Qe3 Nxg2 $1 18. Kxg2 Nf5 19.
Qf4 Nh4+ $19 (19... g5 $19)) 16... Nf6 {Black is well-placed to play against
the IQP.}) 15... Bf6 16. Bc2 g6 {[#]} 17. Rxe6 $1 $13 {[%mdl 128]} Nxg3 (17...
fxe6 $4 18. Qxg6+ Ng7 19. Ne5 $1 $18 Bxe5 $140 20. Qh7+ Kf7 21. Bg6+ Ke7 22.
dxe5 $18 {threatening Qxg7 and Bh4+.}) (17... Nxd4 $1 {is playable and unclear:
} 18. Nxd4 (18. Rxf6 $6 Nxc2 $8 19. Rd6 $1 (19. Rxg6+ {looks tempting, but
Black is better after} fxg6 20. Qxg6+ Ng7 21. Qxc2 Bxf3 $17) 19... Nxa1 $8 20.
Rxd8 Rfxd8 $13) (18. Rd6 Nxf3+ 19. gxf3 Qe8 $1 $13) 18... Qxd4 19. Qxd4 Bxd4
20. Re7 Bxc3 21. bxc3 Rxc3 22. Bxg6 $11) 18. hxg3 Bg7 19. Re4 Ne7 20. Rf4 {
Stopping ...Nf5, which would lose to Rxf5.} Qc7 21. Re1 {[#]} Rcd8 $6 (21...
Nd5 $142 22. Nxd5 Qxc2 23. Ne7+ (23. Nf6+ $13) 23... Kh7 $13) 22. Ne5 {[#] A
tense position: Black has the IQP blockaded and targeted, but White has a lot
of pieces pointed at the black K.} (22. Nb5 $1 Qd7 23. Ne5 Bxe5 (23... Qe6 24.
Bb3 $18) 24. Rxe5 $16) 22... Nc6 $2 (22... Nd5 $142 {forking c3 and f4,} 23.
Rh4 Nxc3 $14 (23... a6 24. Bb3 $14)) (22... Bxe5 23. Rxe5 Qxe5 24. dxe5 Rxd3
25. Bxd3 $16 {and White is up a safe pawn.}) 23. Qc4 $16 {Pinning c6 and f7 is
good, but not nearly the best.} (23. Nxf7 $3 $18 {this second strike on the
light squares would end the game:} Rxf7 (23... Rxd4 24. Qxg6 $18 {is mating.})
24. Bb3 Ne5 25. Rxe5 Bxe5 26. Qxg6+ $18 {with total ownership of the light
squares.}) 23... Qe7 {Pinning the N to e1} 24. Bxg6 $1 Bxe5 (24... Nxe5 25.
dxe5 Rc8 26. Qb3 Rc5 27. Bb1 Rxe5 28. Rxe5 Qxe5 29. Qc2 Rd8 30. Qh7+ Kf8 31.
Ba2 $18 {White is up a pawn with Black's kinside broken.}) 25. dxe5 Nxe5 {
[%mdl 64] [#]  Critical Position} 26. Rxe5 $4 {Giving away most of White's
advantage.} (26. Bxf7+ $1 Kh8 (26... Qxf7 27. Rxe5 Qxc4 28. Rxc4 {and White is
up two pawns with a much safer K.}) 27. Qe2 Rxf7 28. Rxf7 Qxf7 29. Qxe5+ $18 {
also with an extra two pawns and huge initiative.}) (26. Rxf7 $3 {putting yet
a third piece en prise to the N would have been a worthy finish:} Nxc4 (26...
Rxf7 27. Rxe5 $8 $18) 27. Rexe7 Rfe8 (27... Rxf7 28. Bxf7+ Kf8 29. Rxb7 $18)
28. Rg7+ Kh8 29. Rh7+ Kg8 30. Reg7+ Kf8 31. Rxb7 $18) 26... Qxe5 27. Rxf7 Bd5
$8 28. Nxd5 {[#]} Qxd5 $4 (28... Rxf7 $8 29. Bxf7+ Kxf7 $14 {and there are no
particularly useful discovered checks.}) 29. Qc7 $8 $18 Rfe8 (29... Rxf7 30.
Bxf7+ Qxf7 31. Qxd8+ $18) 30. Rg7+ Kf8 31. Rh7 1-0

[Event "Canadian Zonal"]
[Site "Montreal"]
[Date "2017.06.28"]
[Round "3"]
[White "Lesiege, Alexandre"]
[Black "Noritsyn, Nikolay"]
[Result "0-1"]
[WhiteElo "2525"]
[BlackElo "2473"]
[Annotator "John Upper"]
[PlyCount "68"]
[EventDate "2017.06.27"]
[EventType "swiss"]
[EventRounds "9"]
[EventCountry "CAN"]
[SourceTitle "ChessCanada"]
[Source "CFC"]
[SourceDate "2020.02.14"]
[SourceVersion "1"]
[SourceVersionDate "2020.02.14"]
[SourceQuality "1"]

{[%mdl 32768]} {This early meeting between two of the top seeds was both
critical and fascinating.} 1. Nf3 e6 2. g3 d5 3. Bg2 b5 $5 {This is only
Black's 10th most frequently played move here, but it scores better than all
the others (62%) and a huge Elo advantage! It stops White from going for
Catalan or reversed-Benoni play with ...c4, and gains space on the queenside.}
4. O-O Nf6 5. d3 Bb7 {[#]} 6. Nbd2 (6. c4 {looks like the principled way to
play: trying to turn the early ...b5 into queenside weaknesses.} a6 (6... dxc4
7. dxc4 Qxd1 8. Rxd1 bxc4 9. Ne5 {gives White a clear long-term advantage with
play on the c-file.}) 7. cxd5 Nxd5 8. a4 Be7 9. Nc3 O-O 10. axb5 Nxc3 11. bxc3
axb5 12. Rxa8 Bxa8 13. Qb3 {Black's best move would be ...b5-b6, but...
something about something not moving backwards.} Bc6 14. Be3 Nd7 15. Ra1 Qc8
16. Ra7 Qb8 17. Qa2 b4 18. cxb4 Bxb4 19. Nd4 (19. Qc2 $1 Nb6 (19... Bb7 $2 20.
Ne5 $1 $18) 20. Ra1 $16) 19... Bxg2 20. Kxg2 Bc5 21. Nc6 Qb6 22. Ne7+ Kh8 23.
Bxc5 Qxc5 24. Qa3 Qb6 25. Qa5 Qxa5 26. Rxa5 $14 {White has a better structure
and more centralized K, but couldn't turn it into a win in Short,N (2670)-Hou,
Y (2649) Hoogeveen (m) 2016, (½-½, 57).}) 6... Be7 7. e4 c5 8. Re1 ({The
following game has a surprising pseudo-sac on move 10:} 8. exd5 Nxd5 9. Ne5 Qc7
10. Nxf7 $5 {I wasn't expecting that!} O-O $1 (10... Kxf7 11. Qf3+ Kg8 12. c4
$14 {White gets the material back and the Rh8 is hard to play.}) 11. c4 Rxf7 (
11... Nb6 12. Bxb7 Qxb7 13. Ne5 $16) 12. cxd5 exd5 13. Nf3 Nc6 14. Bg5 Raf8 15.
Bxe7 Qxe7 16. Rc1 {½-½ Nisipeanu,L (2671)-Moroni,L (2530) Zuerich, 2017.})
8... Nc6 {[#]} 9. exd5 (9. e5 Nd7 {transposes into typical King's Indian
Attack, but where Black may be a little better off than usual since he's
already gained more queenside space with ...b5 (rather than ...b6), and has
not yet castled, which allows plans with ...g5!?}) 9... Nxd5 (9... exd5 10. d4
$1 $14 {leaves Black's queenside minors misplaced, though that might be only a
temporary inconvenience; e.g.} c4 11. Nf1 O-O 12. Bg5 h6 13. Bxf6 Bxf6 14. c3
Qd6 15. Ne3 Rab8 16. Qd2 Qd7 17. h4 h5 18. Kh2 g6 19. Bh3 Qd6 {Despite
conceding several tempi with his Q, Black is still OK.} 20. Ng2 Bc8 21. Qf4
Qxf4 22. Nxf4 Bxh3 23. Kxh3 Rfd8 24. Rad1 a5 $2 (24... b4 $13) 25. Nxg6 $1 fxg6
26. Re6 Nxd4 27. Nxd4 Kf7 28. Ra6 b4 $4 29. Nc6 bxc3 30. bxc3 {1-0 Danielsen,H
(2498)-Rusev,K (2525) Odense, 2012.}) 10. a3 O-O 11. Ne4 Qb6 12. Bd2 {[#]} (12.
Bg5 $5) 12... c4 $5 {Not a move the computers like (...Rad8, ...a5), but a
combative move, ensuring an unbalanced pawn structure.} 13. dxc4 bxc4 14. Rb1
Rad8 15. Qc1 (15. Qe2 Ba6 16. Nc3 $11 (16. Bf1 $5)) 15... e5 16. Nc3 Bc5 17.
Ne4 Rfe8 $5 {Conceding the B pair.} (17... Be7 {threatening ...f5 would have
been most player's automatic choice.}) 18. Nxc5 Qxc5 19. b4 {[#]} Qd6 $6 (19...
cxb3 $6 20. cxb3 {and the B-pair and queenside majority ought to be better for
White in the long run.}) (19... Qb5 $142 {stops White's next, although it's
hard to believe Black's position might be worse after the ensuing trade on d4.}
) 20. b5 $1 Nd4 21. Nxd4 exd4 {[#]} 22. Ba5 $1 Rc8 23. Qd2 $6 (23. a4 $142 {
simply saving the a-pawn.}) 23... Qxa3 24. Red1 (24. Rxe8+ Rxe8 25. Re1 Rc8 26.
b6 $5 {is a computer-line that might occur to Kramnik.} (26. Re5 $13) 26... c3
$6 {shows the point of the sac} 27. Qxd4 Qxa5 28. bxa7 {White has only one
pawn for the piece, but Rb1 is difficult for Black; for example:} Ra8 29. Rb1 {
taking the a7-pawn loses a piece due to back-rank tactics, but after} Qc7 30.
Rb5 $16 {Black has to give back the N to eliminate the a7-pawn.}) 24... d3 25.
Ra1 {[%mdl 64] [#] Critical Position} Qb2 $2 {Making the Q safe and forking c2
and b5 is obviously a candidate move, but it's not the best.} (25... Qc5 {
hitting f2 and so threatening ...Re2.} 26. cxd3 c3 $8 27. Qc2 Qxb5 $15 (27...
h5 $5 {to soften up White's kingside when there can be tactics with ...Ne3.}))
26. cxd3 $2 (26. Bxd5 $8 $16 Re2 $1 {leads to a forcing line where White's
scattered pieces can somehow look out for each other and stop Black's passers:}
(26... Bxd5 $2 27. Bc3 $8 Qxb5 28. Ra5 Qc6 29. Qg5 {threatening mate on g7 and
the Bd5.}) 27. Bxb7 (27. Qg5 {leads to a whole course in tactics:} Qd4 $1 {
forking f2 and d5.} 28. Bxf7+ {Desperado.} Kxf7 29. Qh5+ $8 {Fork.} Kg8 30.
Qxe2 {using the pin to the undefended Qd4,} Qd5 $8 {in-between move, defending
the Q with a mate threat} 31. f3 $8 dxe2 32. Rxd5 Bxd5 33. Kf2 $14 {White is
nominally better in the R and opposite B ending.}) 27... Rxd2 28. Bxd2 {
looks nightmarish for White, but there's no way to make those passers go:} dxc2
(28... Rb8 29. Bc6 Qxc2 30. Be3 c3 31. Be4 $1 Rd8 32. b6 $1 $18) 29. Bxc8
cxd1=Q+ 30. Rxd1 Qxb5 $16 (30... Qc2 31. Bg4 $18)) 26... c3 $8 {[#]} 27. Qxb2 (
27. Bxc3 Qxc3 28. Qxc3 Nxc3 29. Bxb7 Nxd1 {This woud be excellent for White,
but the obvious} 30. Bxc8 {loses an exchange to} Re1+ 31. Kg2 Ne3+ $19) 27...
cxb2 28. Rab1 Rc2 {It's over: Black has a protected passed pawn on the 2nd and
his Rs have the only open files.} 29. Bf1 Rec8 $19 30. Bh3 R8c5 31. Re1 g6 32.
Bd7 Nc3 33. Bxc3 R5xc3 34. Bc6 Rc1 $1 {Bonus exclam for style.} 0-1